000 00889nam a22002897a 4500
001 9965
003 FISKH
005 20260319163104.0
008 260319b cb ||||| |||| 00| 0 eng d
020 _a9780590414494
040 _aFISKH
_beng
_cFISKH
_dFISKH
050 _aPZ7
082 _a551.5
100 _aKrensky, Stephen
_eAuthor
245 _aSnow and ice :
_bDo-it-yourself science /
_cby Stephen Krensky ; illustrated by Anna Divito
260 _aNew York :
_bScholastic Inc. ,
_c1989
300 _a30 unnumbered pages :
_bcolor illustrations ;
_c23 cm
505 _aP
520 _aText and simple experiments explain what snow and ice are and their various forms.
521 8 _a620
_bLexile
521 8 _aP
_bRaz-Plus
650 _aWeather
_vSnow
650 _aIce
_vNon-fiction
700 _aDivito, Anna
_eIllustrator
942 _2ddc
_cBK
_n0
999 _c9965
_d9965